000 00715nam a2200193 a 4500
001 000024415
005 20200930023150.0
008 110127nuuuuuuuuru r 000 0 spa d
040 _aDO-SdBNP
_bspa
_cBNPHU
082 _axxxxxx
_bS559c
100 1 _aShólojov, Mijail
_950047
245 1 0 _aCampos roturados :
_bsegunda parte /
_cMijail Shólojov.
260 _aMoscú :
_bLenguas extranjeras,
_c[s. f.].
300 _a479 p. ;
_c20.5 cm.
490 1 _aObras selectas de la literatura soviética.
534 _ptítulo original:
_tПоднятая целина
_cMoscú, Lenguas extranjeras
_aVento Molina, José
_8Muxaил Mолхос
830 0 _aObras selectas de la literatura soviética.
_950048
049 _aBNGR
999 _c23908
_d23908